000 00521nam a2200205Ia 4500
003 OSt
005 20230509162012.0
008 210423s2006 xx 000 0 und d
040 _cAL
041 _aeng
082 _a574.87322
_223
_bFRIE
100 _aFRIEDBERG (Errol C);others.
_9101564
245 _aDNA repair and mutagenesis.
250 _a2
260 _aWashington
_bButterworth Heinemann
_c2006
300 _axxix,1118
365 _b5107
_cINR
906 _aDNA ; mutagenesis. ; repair
942 _2ddc
_cBK
999 _c164059
_d164059